Doing business in emerging markets : (Record no. 343464)
[ view plain ]
| 000 -LEADER | |
|---|---|
| fixed length control field | 01345 a2200229 4500 |
| 020 ## - INTERNATIONAL STANDARD BOOK NUMBER | |
| International Standard Book Number | 0761913750 |
| 020 ## - INTERNATIONAL STANDARD BOOK NUMBER | |
| International Standard Book Number | 9780761913757 |
| 082 04 - DEWEY DECIMAL CLASSIFICATION NUMBER | |
| Classification number | 658.848 |
| 090 ## - LOCALLY ASSIGNED LC-TYPE CALL NUMBER (OCLC); LOCAL CALL NUMBER (RLIN) | |
| -- | 920 |
| -- | 920 |
| 100 1# - MAIN ENTRY--PERSONAL NAME | |
| Personal name | Cavusgil, S. Tamer. |
| 245 10 - TITLE STATEMENT | |
| Title | Doing business in emerging markets : |
| Remainder of title | entry and negotiation strategies / |
| Statement of responsibility, etc. | S. Tamer Cavusgil. |
| 250 ## - EDITION STATEMENT | |
| Edition statement | 1st ed. |
| 260 ## - PUBLICATION, DISTRIBUTION, ETC. | |
| Place of publication, distribution, etc. | [S.l.] : |
| Name of publisher, distributor, etc. | Sage Publications, Inc, |
| Date of publication, distribution, etc. | 2002. |
| 300 ## - PHYSICAL DESCRIPTION | |
| Extent | 320 p. ; |
| Dimensions | 23 cm. |
| 500 ## - GENERAL NOTE | |
| General note | Paperback. |
| 520 ## - SUMMARY, ETC. | |
| Summary, etc. | Doing Business in Emerging Markets: Entry and Negotiation Strategies is an authoritative and timely guide for executives who are contemplating business in these markets. Including numerous exhibits and real-world examples, the authors explore analysis and evaluation of market potential, management of the negotiation process, and the recognition of important regional business styles and cultural issues. Students and professors in MBA or Ph.D. programs in international management, marketing, and strategy will also find this an invaluable aid to understanding emerging markets. |
| 700 1# - ADDED ENTRY--PERSONAL NAME | |
| Personal name | Ghauri, Pervez N. |
| 700 1# - ADDED ENTRY--PERSONAL NAME | |
| Personal name | Agarwal, Milind R. |
| 856 40 - ELECTRONIC LOCATION AND ACCESS | |
| Materials specified | Amazon.com |
| Uniform Resource Identifier | <a href="http://www.amazon.com/exec/obidos/ASIN/0761913750/chopaconline-20">http://www.amazon.com/exec/obidos/ASIN/0761913750/chopaconline-20</a> |
| 856 40 - ELECTRONIC LOCATION AND ACCESS | |
| Materials specified | Amazon customer reviews |
| Uniform Resource Identifier | <a href="http://www.chopac.org/cgi-bin/tools/azrev.pl?q=0761913750">http://www.chopac.org/cgi-bin/tools/azrev.pl?q=0761913750</a> |
| 942 ## - ADDED ENTRY ELEMENTS (KOHA) | |
| Institution code [OBSOLETE] | NBS |
| Koha item type | Book |
| Call number prefix | 658.848 CAV |
| Withdrawn status | Lost status | Damaged status | Not for loan | Permanent Location | Current Location | Date acquired | Total Checkouts | Full call number | Barcode | Date last seen | Price effective from | Koha item type |
|---|---|---|---|---|---|---|---|---|---|---|---|---|
| Central Library (CL) | Central Library (CL) | 08/28/2013 | 658.848 CAV | NBS6778 | 08/28/2013 | 08/28/2013 | Book |
